| 000 | 00579nam a22002057a 4500 | ||
|---|---|---|---|
| 003 | OSt | ||
| 005 | 20140429093612.0 | ||
| 008 | 140429b xxu||||| |||| 00| 0 eng d | ||
| 020 | _a0439597412 | ||
| 050 |
_aPZ 7 _b.D615 2003 |
||
| 100 | _aDiTerlizzi, Tony | ||
| 245 |
_aThe seeing stone / _cTony DiTerlizzi |
||
| 260 |
_aNew York : _bScholastic Inc, _c2003. |
||
| 300 |
_a108 p. : _c18 cm. |
||
| 440 | _aSpiderwick chronicles | ||
| 650 |
_aGoblins _vFiction. |
||
| 650 |
_aBrothers and sisters _vFiction. |
||
| 650 |
_aSingle-parent families _vFiction. |
||
| 942 |
_2lcc _cBK |
||
| 999 |
_c115553 _d115553 |
||